German states/provences - Statistics

General Stats
  • This quiz has been taken 20 times
  • The average score is 12 of 16
Answer Stats
Hint Answer % Correct
DDR Berlin
100%
BRD Bavaria
95%
BRD Baden-Württemberg
84%
BRD Hamburg
84%
BRD Lower Saxony
84%
DDR Saxony
84%
DDR Saxony-Anhalt
84%
DDR Mecklenburg-Vorpommern
79%
BRD Bremen
74%
BRD Hesse
74%
DDR Brandenburg
68%
BRD Saarland
68%
BRD North Rhine-Westphalia
63%
DDR Thuringia
63%
BRD Rhineland-Palatinate
58%
BRD Schleswig-Holstein
58%
No matching quizzes found
Score Distribution
Percent of People with Each Score
Percentile by Number Answered
Your Score History
You have not taken this quiz